<?xml version="1.0" encoding="UTF-8"?>
<collection xmlns="http://www.loc.gov/MARC21/slim">
<record>
  <controlfield tag="001">5590</controlfield>
  <datafield tag="088" ind1=" " ind2=" ">
    <subfield code="a">4068</subfield>
  </datafield>
  <datafield tag="520" ind1=" " ind2=" ">
    <subfield code="a">Thompson and West - Pg. 52 - St. Augustine's College - Benicia, CA   Rt. Rev. W. Ingraham - Rt. Rev. J. H. D. Wingfield - Mr. Samuel C. Gray</subfield>
  </datafield>
  <datafield tag="980" ind1=" " ind2=" ">
    <subfield code="a">43905848739</subfield>
  </datafield>
  <datafield tag="960" ind1=" " ind2=" ">
    <subfield code="a">hc</subfield>
  </datafield>
</record>
</collection>